000 00268nam a22001097a 4500
008 170110b xxu||||| |||| 00| 0 eng d
020 _a0865360839
041 _aeng
080 _a618.2
245 _aAMERICAN RED CROSS COMMUNITY CPR
_cAMERICAN RED CROSS
942 _2udc
_cBK
999 _c2627
_d2627